Social work values and ethics / (Record no. 22221)
[ view plain ]
| 000 -LEADER | |
|---|---|
| fixed length control field | 00706nam a22002057a 4500 |
| 005 - DATE AND TIME OF LATEST TRANSACTION | |
| control field | 20241108100401.0 |
| 008 - FIXED-LENGTH DATA ELEMENTS--GENERAL INFORMATION | |
| fixed length control field | 241004b |||||||| |||| 00| 0 eng d |
| 020 ## - INTERNATIONAL STANDARD BOOK NUMBER | |
| International Standard Book Number | 9780231214438 |
| 082 ## - DEWEY DECIMAL CLASSIFICATION NUMBER | |
| Classification number | DC 361.32 R23 2024 |
| 100 ## - MAIN ENTRY--PERSONAL NAME | |
| Personal name | Reamer, Frederic G. |
| 9 (RLIN) | 62258 |
| 245 ## - TITLE STATEMENT | |
| Title | Social work values and ethics / |
| Statement of responsibility, etc. | Frederic G. Reamer. |
| 250 ## - EDITION STATEMENT | |
| Edition statement | sixth edition. |
| 260 ## - PUBLICATION, DISTRIBUTION, ETC. (IMPRINT) | |
| Place of publication, distribution, etc. | New York : |
| Name of publisher, distributor, etc. | Columbia University Press, |
| Date of publication, distribution, etc. | ©2024. |
| 300 ## - PHYSICAL DESCRIPTION | |
| Extent | xii, 317 pages : |
| Other physical details | illustrations ; |
| Dimensions | 22 cm. |
| 500 ## - GENERAL NOTE | |
| General note | Includes bibliography and index. |
| 650 #0 - SUBJECT ADDED ENTRY--TOPICAL TERM | |
| Topical term or geographic name as entry element | Social work |
| General subdivision | Moral and ethical aspects. |
| 9 (RLIN) | 63782 |
| 650 #0 - SUBJECT ADDED ENTRY--TOPICAL TERM | |
| Topical term or geographic name as entry element | Social workers |
| General subdivision | Professional ethics. |
| 9 (RLIN) | 63784 |
| 650 #0 - SUBJECT ADDED ENTRY--TOPICAL TERM | |
| Topical term or geographic name as entry element | Social work. |
| 9 (RLIN) | 63785 |
| 942 ## - ADDED ENTRY ELEMENTS (KOHA) | |
| Source of classification or shelving scheme | Dewey Decimal Classification |
| Koha item type | Circulation |
| Withdrawn status | Lost status | Source of classification or shelving scheme | Damaged status | Not for loan | Collection code | Home library | Current library | Date acquired | Source of acquisition | Cost, normal purchase price | Total Checkouts | Full call number | Barcode | Date last seen | Price effective from | Koha item type |
|---|---|---|---|---|---|---|---|---|---|---|---|---|---|---|---|---|
| Dewey Decimal Classification | Circulation | UM Digos College - LIC | UM Digos College - LIC | 08/20/2024 | Purchased | 3980.00 | DC 361.32 R23 2024 | 28262 | 05/15/2025 | 10/04/2024 | Circulation |
